01293nam a2200301Ia 4500001001200000003000800012006001900020007001500039008004100054020002600095020001800121040002100139035002100160050002400181100002800205245015600233260003400389300001500423490005100438504005100489533015200540650006100692650004700753655002900800700001900829710001700848856012600865ebr10726744CaPaEBRm o u cr cn|||||||||130710s2013 nju sb 001 0 eng d z9781118754283 (ebook) z9781118754382 aCaPaEBRcCaPaEBR a(OCoLC)85271267114aLB2342b.D68 2013eb1 aDougherty, Kevin James.10aPerformance funding for higher educationh[electronic resource] :bwhat are the mechanisms? what are the impacts? /cKevin J. Dougherty, Vikash Reddy. aHoboken, NJ :bWiley,cc2013. axv, 134 p.0 aASHE higher education report ;vvol. 39, no. 2 aIncludes bibliographical references and index. aElectronic reproduction.bPalo Alto, Calif. :cebrary,d2013.nAvailable via World Wide Web.nAccess may be limited to ebrary affiliated libraries. 0aState universities and collegeszUnited StatesxFinance. 0aEducation, HigherzUnited StatesxFinance. 7aElectronic books.2local1 aReddy, Vikash.2 aebrary, Inc.40uhttp://site.ebrary.com/lib/rucke/Doc?id=10726744zAn electronic book accessible through the World Wide Web; click to view